| 000 | 00450nam a2200181Ia 4500 | ||
|---|---|---|---|
| 003 | OSt | ||
| 005 | 20220604120329.0 | ||
| 008 | 210210b1912 xxu||||| |||| 00| 0 eng d | ||
| 040 | _cAL | ||
| 041 | _aeng | ||
| 082 | _a514/113 | ||
| 100 |
_aSMITH (C) _940454 |
||
| 245 | _aConic sections by the methods of co-ordinate geometry | ||
| 260 |
_aLondon _bMacmillan & Co. Ltd. _c1912 |
||
| 690 |
_aGeometry _940455 |
||
| 906 | _a007558 | ||
| 942 |
_2ddc _cBK |
||
| 999 |
_c140098 _d140098 |
||